000 00454nam a2200181Ia 4500
005 20240913125213.0
008 240913s9999||||xx |||||||||||||| ||und||
041 _aENGLISH
082 _A660.281 P2
100 _aZoss,Leslie M
245 0 _aApplied Instrumentation in the process Industries
250 _a1st
260 _c2002
_bGPC,London
500 _aREFERENCE
650 _aInstrumentation
_bInstrumentation
942 _cREF
999 _c245039
_d245039